Republic of Ireland local authorities-County Galway - Statistics

General Stats
  • This quiz has been taken 13 times
  • The average score is 8 of 15
Answer Stats
Hint Answer % Correct
Picturesque, windswept moorland that contains both a national park and Ireland's largest Gaeltacht by population Connemara
100%
Largest lake in the Republic of Ireland Lough Corrib
89%
Rugged, limestone islands situated in Galway Bay Aran Islands
78%
Killary Harbour is Ireland's only genuine what? Fjord
78%
Connemara has its own breed of these friendly, athletic and hardy creatures Ponies
78%
Originally built as a private home by a wealthy Manchester financier, today it is a monastery home to a community of Benedictine nuns Kylemore Abbey
67%
Gaelic language television channel based in the village of Baile na hAbhann TG4
67%
Best selling rock band formed in Tuam in 1986 The Saw Doctors
67%
Anglo-Irish dramatist, associate and close friend of WB Yeats, who lived at Coole Park Lady Gregory
56%
Fast food chain Supermac's was founded by Pat McDonagh in 1978 and opened its first branch in this town Ballinasloe
44%
Traditional wooden fishing boat found in Galway Bay Hooker
44%
Unofficial county anthem named after the medieval walled town The Fields of Athenry
33%
He is regarded as one of the greatest hurlers of all time, winning multiple awards at both local and inter-county level Joe Canning
22%
Precious stone found in the above Green marble
11%
Prehistoric hill fort located on Inis Mhór in the above Dún Aonghasa
0%
No matching quizzes found
Score Distribution
Percent of People with Each Score
Percentile by Number Answered
Your Score History
You have not taken this quiz